[Event "Geraardsbergen op 35th"]
[Site "Geraardsbergen"]
[Date "2019.08.16"]
[Round "6"]
[White "Becx, Cesar"]
[Black "Tomme, Lowie"]
[Result "1-0"]
[WhiteElo "2114"]
[BlackElo "2089"]
[PlyCount "63"]
[EventDate "2019.08.14"]
[EventType "swiss"]
[EventRounds "9"]
[EventCountry "BEL"]
[SourceTitle "CBM 191 Extra"]
[Source "ChessBase"]
[SourceDate "2019.09.30"]
[SourceVersion "1"]
[SourceVersionDate "2019.09.30"]
[SourceQuality "1"]

1. f4 d5 2. Nf3 g6 3. g3 Bg7 4. Bg2 c5 5. 0-0 Nc6 6. d3 Nf6 7. c3 0-0 8. Na3 Re8 9. Nh4 a6 10. e4 e5 11. f5 dxe4 12. dxe4 Qxd1 13. Rxd1 Bf8 14. Bg5 Kg7 15. Nc4 b5 16. Nb6 Rb8 17. Nxc8 Rbxc8 18. fxg6 hxg6 19. Bxf6+ Kxf6 20. Bh3 Rcd8 21. Bd7 Na5 22. Bxe8 Rxe8 23. Rd7 Re7 24. Rd6+ Re6 25. Rf1+ Ke7 26. Rxe6+ Kxe6 27. Nxg6 Bh6 28. Nh4 Nc4 29. Nf5 Bf8 30. Rd1 Nxb2 31. Rd8 Bd6 32. Rxd6# 1-0

[Event "Cappelle op 30th"]
[Site "Cappelle la Grande"]
[Date "2014.03.06"]
[Round "7"]
[White "Senders, Mischa"]
[Black "Tomme, Lowie"]
[Result "1-0"]
[WhiteElo "2110"]
[BlackElo "1810"]
[PlyCount "77"]
[EventDate "2014.03.01"]
[EventType "swiss"]
[EventRounds "9"]
[EventCountry "FRA"]
[SourceTitle "CBM 159 Extra"]
[Source "ChessBase"]
[SourceDate "2014.04.24"]
[SourceVersion "1"]
[SourceVersionDate "2014.04.24"]
[SourceQuality "1"]

1. e4 e5 2. Nf3 Nc6 3. Bb5 a6 4. Ba4 Nf6 5. 0-0 Be7 6. Re1 b5 7. Bb3 0-0 8. a4 b4 9. d4 d6 10. dxe5 Nxe5 11. Nxe5 dxe5 12. Qf3 Qd6 13. Nd2 Be6 14. Bxe6 Qxe6 15. Qb3 Qxb3 16. Nxb3 Rfd8 17. Bg5 Kf8 18. Bxf6 Bxf6 19. Red1 Be7 20. Kf1 Ke8 21. Ke2 f6 22. Rxd8+ Rxd8 23. Rd1 Rxd1 24. Kxd1 Kd7 25. Kd2 Kc6 26. Kd3 Bc5 27. f3 Bg1 28. h3 Kb6 29. Kc4 c5 30. Nd2 Bd4 31. b3 h5 32. Kd5 Kc7 33. Nc4 Kd7 34. Nd6 h4 35. Nb7 Kc7 36. Nxc5 Bxc5 37. Kxc5 a5 38. Kb5 Kd6 39. Kb6 1-0

[Event "BEL-ch op"]
[Site "Lommel"]
[Date "2012.06.30"]
[Round "1"]
[White "Schaeken, Yordi"]
[Black "Tomme, Lowie"]
[Result "1-0"]
[WhiteElo "2119"]
[BlackElo "1731"]
[PlyCount "77"]
[EventDate "2012.06.30"]
[EventType "swiss"]
[EventRounds "9"]
[EventCountry "BEL"]
[SourceTitle "EXT 2013"]
[Source "ChessBase"]
[SourceDate "2012.11.22"]
[SourceVersion "1"]
[SourceVersionDate "2012.11.22"]
[SourceQuality "1"]

1. d4 d5 2. Nf3 Nf6 3. e3 e6 4. Bd3 c5 5. b3 Nc6 6. 0-0 Be7 7. Bb2 0-0 8. a3 b6 9. Nbd2 Bb7 10. Qe2 Qc7 11. Rac1 Rfd8 12. c4 Qd7 13. Rfd1 Qe8 14. dxc5 dxc4 15. Nxc4 bxc5 16. Ng5 h6 17. Bxf6 Bxf6 18. Ne4 Be7 19. Bc2 Rd5 20. Ned6 Bxd6 21. Nxd6 Qe7 22. Rxd5 exd5 23. Nxb7 Qxb7 24. Qd3 Na5 25. Qh7+ Kf8 26. Qh8+ Ke7 27. Qxg7 Re8 28. Qe5+ Kf8 29. Qd6+ Kg7 30. Qxc5 Rc8 31. Qxa5 Qxb3 32. Qd2 Qxa3 33. Qd4+ Kf8 34. Qh8+ Ke7 35. Qe5+ Kf8 36. Rb1 Qc5 37. Qh8+ Ke7 38. Rb7+ Rc7 39. Qe5+ 1-0